000 01616nam2a2200265 4500
001 RU\NLR\BIBL_A\011254742
005 20250626033841.0
021 _aRU
_b2016-79109
_95155
035 _a(NLR Aleph) 011254742
090 _a12186942
_c12186942
100 _a20161027d2015 |||y0rusy50 ca
101 0 _arus
102 _aRU
105 _aa|||z|||100zy
200 0 _aВып. 11
_eматериалы вологодской областной научно-практической конференции, [27-28 ноября 2015 года]
210 _d2015
_aБ. м.
215 _a191 с.
_cил., цв. ил.
320 _aБиблиогр. в конце ст.
461 0 _1001RU\NLR\BIBL_A\011143948
_12001#$aКраеведческие (природоведческие) исследования на Европейском Севере$e[материалы конференции]$vВып. 11
_911633797
_cЧереповец
_d2014
_n[б. и.]
_o[материалы конференции]
_tКраеведческие (природоведческие) исследования на Европейском Севере
_vВып. 11
711 1 2 _a"Краеведческие (природоведческие) исследования на европейском Севере", вологодская областная научно-практическая конференция
_eЧереповец
_f2015
_9535955
_3RU\NLR\AUTH\880435814
942 _cBOOK
980 _aNB